000 00498nam a2200181Ia 4500
003 GCL
008 140319s9999 xx 000 0 eng d
040 _aGCL /
_cGCL
082 0 4 _a391.008
_bR C
100 1 _aROCHE, DANIEL
245 1 0 _aLA CULTURE DES APPARENCES: UNE HISTORIE DU VETEMENT (XVII-XVIII SIECLE) /
_cROCHE, DANIEL
260 _a[S.N] :
_bFAYARD ،
_c1989
300 _a549 P
650 0 4 _aCLOTHING AND DRESS
650 0 4 _aFASHION, HISTORY
650 0 4 _aFASHION
942 _2ddc
_cBK
999 _c24320
_d24320